00511 2200193 4500001002100000005001500021035002000036245009600056100001800152250001000170300002700180260002900207082001100236084001700247020002200264650000900286990001100295990001100306INLIS00000000000191120250930113116 a0010-09250000261 aEnggak Lari Enggak Keren :bCara Mudah Mencintai Olahraga Lari bagi pemula /cAgus Hermawan0 aAgus Hermawan aCet.1 axxii, 282 hlm :bIlust aJakarta :bKompas,c2024 a796.42 a796.42 AGU e a978-623-160-514-6 4aLari a003957 a003958